Air pollution and acid rain : (Record no. 11863)

MARC details
000 -LEADER
fixed length control field 00949cam a2200265 i 4500
001 - CONTROL NUMBER
control field 4786275
003 - CONTROL NUMBER IDENTIFIER
control field EG-ScBUE
005 - DATE AND TIME OF LATEST TRANSACTION
control field 20260414143454.0
008 - FIXED-LENGTH DATA ELEMENTS--GENERAL INFORMATION
fixed length control field 870529s1988 enka f b 001 0 eng d
020 ## - INTERNATIONAL STANDARD BOOK NUMBER
International Standard Book Number 0582014646
040 ## - CATALOGING SOURCE
Original cataloging agency DLC
Language of cataloging eng
Description conventions rda
Transcribing agency DLC
Modifying agency DLC
-- EG-ScBUE
082 04 - DEWEY DECIMAL CLASSIFICATION NUMBER
Classification number 574.5222
Edition number 22
Item number WEL
100 1# - MAIN ENTRY--PERSONAL NAME
Personal name Wellburn, Alan,
Dates associated with a name 1940-
Relator term author.
9 (RLIN) 6293
245 10 - TITLE STATEMENT
Title Air pollution and acid rain :
Remainder of title the biological impact /
Statement of responsibility, etc Alan Wellburn.
264 #1 - PUBLICATION, DISTRIBUTION, ETC. (IMPRINT)
Place of publication, distribution, etc Burnt Mill, Harlow, Essex, England :
Name of publisher, distributor, etc Longman Scientific & Technical,
Date of publication, distribution, etc 1988.
300 ## - PHYSICAL DESCRIPTION
Extent xiii, 274 pages :
Other physical details illustrations ;
Dimensions 23 cm
336 ## - CONTENT TYPE
Source rdacontent
Content type term text
Content type code txt
337 ## - MEDIA TYPE
Media type term unmediated
Source rdamedia
Media type code n
338 ## - CARRIER TYPE
Carrier type term volume
Carrier type code nc
Source rdacarrier
504 ## - BIBLIOGRAPHY, ETC. NOTE
Bibliography, etc Includes bibliographical references and index.<br/>
650 #7 - SUBJECT ADDED ENTRY--TOPICAL TERM
Topical term or geographic name as entry element Air
General subdivision Pollution
-- Environmental aspects.
Source of heading or term BUEsh
9 (RLIN) 6294
650 #7 - SUBJECT ADDED ENTRY--TOPICAL TERM
Topical term or geographic name as entry element Acid rain
General subdivision Environmental aspects.
Source of heading or term BUEsh
9 (RLIN) 6295
655 ## - INDEX TERM--GENRE/FORM
Form subdivision Reading book
942 ## - ADDED ENTRY ELEMENTS (KOHA)
Source of classification or shelving scheme Dewey Decimal Classification
Koha item type Book - Borrowing
Holdings
Withdrawn status Lost status Source of classification or shelving scheme Damaged status Not for loan Collection code Home library Current library Shelving location Date acquired Source of acquisition Cost, normal purchase price Total Checkouts Full call number Barcode Date last seen Date checked out Price effective from Koha item type
    Dewey Decimal Classification     Alef-Baa Central Library Central Library First floor 17/06/2009   150.00 2 574.5222 WEL 000016845 15/07/2025 20/10/2014 17/06/2009 Book - Borrowing